000 00587nam a2200169Ia 4500
008 090711s9999 xx 000 0 und d
082 _b28282
100 _aभावे पुरुषोत्तम भा.
245 _aविठठला पांडुरंगा
260 _c1973
300 _a157
600 _aभावे पुरुषोत्तम भा.
630 _aविठठला पांडुरंगा
700 _aभावे पुरुषोत्तम भा.
730 _aविठठला पांडुरंगा
942 _cBOOK
999 _c289942
_d289942